Latin American or African Countries by GDP Per Capita - Statistics

General Stats
  • This quiz has been taken 53 times
  • The average score is 26 of 30
Answer Stats
GDP Country % Correct
$25.800 Argentina
98%
$28.500 Uruguay
98%
$30.000 Chile
95%
$18.600 Colombia
95%
$24.400 Costa Rica
95%
$22.200 Mexico
95%
$14.700 South Africa
95%
$23.100 Brazil
93%
$23.000 Dominican Republic
93%
$36.000 Panama
93%
$15.000 Peru
93%
$38.600 Guyana
90%
$40.200 Bahamas
88%
$17.500 Barbados
88%
$18.200 Grenada
88%
$14.200 Dominica
86%
$14.900 Egypt
86%
$27.600 Saint Kitts and Nevis
86%
$15.500 Saint Vincent and the Grenadines
86%
$17.300 Suriname
86%
$29.800 Trinidad and Tobago
83%
$21.800 Antigua and Barbuda
81%
$14.400 Paraguay
81%
$16.500 Saint Lucia
79%
$35.200 Seychelles
79%
$19.300 Botswana
74%
$25.000 Mauritius
74%
$19.000 Equatorial Guinea
69%
$18.300 Libya
64%
$17.800 Gabon
62%
No matching quizzes found
Score Distribution
Percent of People with Each Score
Percentile by Number Answered
Your Score History
You have not taken this quiz